{"text_format":"3","workbook":"xlsx","n_sheets":4,"sheets":["第一轮需求汇总","第二轮需求明细","选型结果","Sheet2"],"not_rendered":{"defined_names":2},"read":"whole","date_system":"1900"}

{"sheet":"第一轮需求汇总","index":0,"n_rows":67,"n_cols":44,"rows_kept":67,"hidden":true,"merged":[[0,0,1,42],[2,0,3,0],[2,1,3,1],[2,4,3,4],[2,5,2,6],[2,7,2,8],[2,9,2,10],[2,11,2,12],[2,13,2,14],[2,15,2,16],[2,17,2,18],[2,19,2,20],[2,21,2,22],[2,23,2,24],[2,25,2,26],[2,27,2,28],[2,29,2,30],[2,31,2,32],[2,33,2,34],[2,35,2,36],[2,37,2,38],[2,39,2,40],[2,41,3,41],[2,42,3,42],[2,43,3,43]]}
["2018年度办公电子产品需求汇总"]
[]
["序号","设备名称",null,null,"设备单价","党群工作部",null,"综合管理部",null,"计划经营部",null,"人力资源部",null,"财务部",null,"物资部",null,"安全技术部",null,"安保部",null,"信息管理部",null,"教育培训部",null,"新线部",null,"调度票务中心",null,"乘务中心",null,"站务中心",null,"车辆中心",null,"通号中心",null,"供建中心",null,"机电中心",null,"合计数量","合计金额","备注"]
[null,null,"设备型号","单位",null,"设备数量","合计金额","设备数量","合计金额","设备数量","合计金额","设备数量","合计金额","设备数量","合计金额","设备数量","合计金额","设备数量","合计金额","设备数量","合计金额","设备数量","合计金额","设备数量","合计金额","设备数量","合计金额","设备数量","合计金额","设备数量","合计金额","设备数量","合计金额","设备数量","合计金额","设备数量","合计金额","设备数量","合计金额","设备数量","合计金额"]
[1,"黑白打印一体机",null,"台",2500,{"$nulls":10},3,null,1,{"$nulls":3},5,null,1,{"$nulls":3},6,null,17,null,69,null,15,null,36,null,13,null,4,null,{"$f":"F5+H5+J5+L5+N5+P5+R5+T5+V5+X5+Z5+AB5+AD5+AF5+AH5+AJ5+AL5+AN5","v":170},{"$f":"AP5*E5","v":425000}]
[2,"台式电脑A",null,"台",4000,null,null,5,{"$nulls":5},2,null,30,null,3,{"$nulls":3},10,null,15,null,18,null,24,null,90,null,241,null,68,null,95,null,13,null,40,null,654,2616000]
[3,"台式电脑B",null,"台",10000,{"$nulls":36},1,10000,"各部门暂无需求，需要打请示才能采购"]
[4,"笔记本电脑",null,"台",4500,null,null,2,{"$nulls":17},2,null,3,null,5,null,4,null,5,{"$nulls":3},5,null,3,null,29,130500]
[5,"相机",null,"台",2500,{"$nulls":6},1,{"$nulls":5},2,{"$nulls":9},2,null,17,null,61,null,54,null,52,null,36,null,9,null,234,585000]
[6,"移动投影仪",null,"台",7000,{"$nulls":6},1,{"$nulls":11},5,null,2,null,2,null,4,null,3,null,4,{"$nulls":3},4,{"$nulls":3},25,175000]
[7,"针式打印机",null,"台",5000,{"$nulls":10},3,{"$nulls":25},3,15000]
[8,"电子显示屏",null,"台",4000,{"$nulls":24},1,null,7,null,3,null,1,{"$nulls":5},12,48000]
[9,"台式机硬盘",null,"块",360,{"$nulls":36},30,10800]
[10,"固态硬盘",null,"块",500,{"$nulls":16},500,{"$nulls":19},{"$f":"F14+H14+J14+L14+N14+P14+R14+T14+V14+X14+Z14+AB14+AD14+AF14+AH14+AJ14+AL14+AN14","v":500},250000]
[11,"移动硬盘",null,"块",600,{"$nulls":6},3,{"$nulls":5},4,null,2,null,5,null,3,null,5,null,9,null,12,null,7,null,15,null,10,null,4,null,9,null,88,52800]
[12,"鼠标",null,"个",60,{"$nulls":36},200,12000]
[13,"键盘",null,"个",60,{"$nulls":36},100,6000]
[14,"办公电话",null,"个",80,{"$nulls":6},1,{"$nulls":3},27,null,1,{"$nulls":3},2,{"$nulls":3},24,null,46,null,75,null,351,null,71,null,147,null,49,null,56,null,850,68000]
[15,"录音电话",null,"个",500,{"$nulls":16},1,{"$nulls":5},26,null,14,{"$nulls":3},6,{"$nulls":7},47,23500]
[16,"录音笔",null,"个",650,{"$nulls":10},6,{"$nulls":3},2,null,2,{"$nulls":5},5,null,4,null,4,null,9,null,3,null,3,null,3,null,41,26650]
[17,"碎纸机",null,"台",750,{"$nulls":4},1,null,1,{"$nulls":5},1,{"$nulls":5},2,{"$nulls":3},4,{"$nulls":3},1,{"$nulls":5},2,{"$nulls":3},12,9000]
[18,"U盘",null,"个",60,{"$nulls":6},2,{"$nulls":3},18,{"$nulls":3},1,{"$nulls":5},24,null,107,null,70,null,267,null,158,null,140,null,87,null,75,null,949,56940]
[19,"八口交换器",null,"个",100,{"$nulls":20},3,{"$nulls":15},200,20000]
[20,"激光笔",null,"个",100,{"$nulls":6},1,{"$nulls":15},5,null,8,null,7,null,8,null,5,null,3,null,6,null,{"$f":"F24+H24+J24+L24+N24+P24+R24+T24+V24+X24+Z24+AB24+AD24+AF24+AH24+AJ24+AL24+AN24","v":43},4300]
[21,"视频会议音箱",null,"个",80,{"$nulls":10},11,null,3,{"$nulls":5},3,{"$nulls":3},8,null,11,null,10,null,28,null,47,null,3,null,13,null,137,10960]
[22,"视频会议摄像头",null,"个",190,{"$nulls":10},11,null,3,{"$nulls":5},3,{"$nulls":3},8,null,11,null,10,null,28,null,47,null,3,null,13,null,137,26030]
[23,"视频会议麦克风",null,"个",30,{"$nulls":10},11,null,3,{"$nulls":5},3,{"$nulls":3},8,null,11,null,10,null,28,null,47,null,3,null,13,null,137,4110]
[24,"过塑机",null,"台",500,{"$nulls":22},3,null,4,null,5,null,4,{"$nulls":3},2,{"$nulls":3},18,9000]
[25,"内存条A","台式机 DDR3 1600频率 4G ","条",300,{"$nulls":36},50,15000]
[26,"内存条B","台式机 DDR4 2400频率 4G","条",450,{"$nulls":36},50,22500]
[27,"HDMI高清线（5米）",null,"根",60,{"$nulls":36},30,1800]
[28,"HDMI高清线（10米）",null,"根",110,{"$nulls":36},30,3300]
[29,"成品网线（3米）","工程级高速超五类CAT5e类网线 百兆网络连接线 电脑网络跳线 超5类成品网线 3米","根",10,{"$nulls":36},400,4000]
[30,"成品网线（5米）","工程级高速超五类CAT5e类网线 百兆网络连接线 电脑网络跳线 超5类成品网线 5米","根",15,{"$nulls":36},400,6000]
[31,"成箱网线（350米）","超五类网线 非屏蔽 纯铜线芯 高速网线","箱",500,{"$nulls":36},10,5000]
[32,"网络水晶头","超五类网络水晶头 RJ45","个",1,{"$nulls":36},500,500]
[33,"电话水晶头","4P4C电话水晶头 语音电话线接头 RJ11电话语音水晶头","个",1,{"$nulls":36},500,500]
[34,"黑色粉仓","联想LJ3700DN","个",170,{"$nulls":36},50,8500]
[35,"黑色粉仓","联想M7650DNF","个",120,{"$nulls":36},100,12000]
[36,"黑色粉仓","联想原装LT2451H粉仓（适用联想M7675DXF","个",330,{"$nulls":36},100,33000]
[37,"黑色粉筒","富士施乐原装（适用富士施乐 ApeosPort-V  6080）","个",2000,{"$nulls":36},1,2000]
[38,"硒鼓","适用HP LaserJet Pro MFP M226dn","个",150,{"$nulls":36},100,15000]
[39,"硒鼓","适用联想LJ3700DN","个",200,{"$nulls":36},50,10000]
[40,"硒鼓","格之格2641硒鼓（适用联想M7650DNF）","个",180,{"$nulls":36},100,18000]
[41,"硒鼓","联想原装LD2451硒鼓（适用联想M7675DXF）","个",620,{"$nulls":36},100,62000]
[42,"硒鼓","适用惠普P1606DN","个",130,{"$nulls":36},20,2600]
[43,"粉仓（4色整套）","富士施乐原装（适用富士施乐C2255）","套",5600,{"$nulls":36},10,56000]
[44,"粉仓（4色整套）","惠普原装（适用惠普451DN）","套",2800,{"$nulls":36},10,28000]
[45,"粉仓（4色整套）","惠普原装（适用惠普CP5525）","套",9500,{"$nulls":36},10,95000]
[46,"粉仓（4色整套）","惠普原装（适用HP LaserJet Enterprise 700 color MFP M775dn）","套",8000,{"$nulls":36},2,16000]
[47,"粉仓（4色整套）","富士施乐原装（适用富士施乐 ApeosPort-V  C6675）","套",8000,{"$nulls":36},1,8000]
[48,"粉仓（4色整套）","联想原装（适用 联想CS2010DW）","套",6000,{"$nulls":36},2,12000]
[49,"存储卡A","松下（Panasonic）存储卡 P2卡64G","张",4000,{"$nulls":16},2,{"$nulls":19},{"$f":"F53+H53+J53+L53+N53+P53+R53+T53+V53+X53+Z53+AB53+AD53+AF53+AH53+AJ53+AL53+AN53","v":2},8000]
[50,"读卡器","松下（Panasonic）存储卡 P2卡读卡器","张",3500,{"$nulls":16},1,{"$nulls":19},1,3500]
[51,"摄像机电池","松下HPX173MC专业摄像机           备用电池","块",850,{"$nulls":16},1,{"$nulls":19},1,850]
[52,"专业相机","佳能（Canon）EOS 5D Mark IV 单反套机（EF 24-105mm f/4L IS II USM）及外接闪光灯 ","台",35000,{"$nulls":16},1,{"$nulls":19},1,35000]
[53,{"$nulls":40},"原提报合计金额",{"$f":"SUM(AQ5:AQ56)","v":5078640}]
[null,"视频会议软终端",null,null,300,{"$nulls":36},"车辆新增",553480]
[{"$nulls":41},"机电新增",251200]
[{"$nulls":41},"计划经营部新增",20670]
[{"$nulls":41},"信息管理部新增",9500]
[{"$nulls":41},"站务中心新增",47240]
[{"$nulls":41},"供建中心新增",13390]
[{"$nulls":42},4140]
[{"$nulls":42},8280]
[{"$nulls":42},537600]
[{"$nulls":41},"最新汇总",{"$f":"SUM(AQ57:AQ66)","v":6524140}]

{"sheet":"第二轮需求明细","index":1,"n_rows":505,"n_cols":7,"rows_kept":505,"hidden":true}
["部门","设备名称","单价","设备数量","合计金额","线路","提报批次"]
["车辆中心","激光笔",100,1,null,"14号线一期","首次提报"]
["车辆中心","移动硬盘",600,1,null,"14号线一期","首次提报"]
["车辆中心","笔记本电脑",4500,1,null,"14号线一期","首次提报"]
["车辆中心","移动投影仪",7000,1,null,"14号线一期","首次提报"]
["车辆中心","过塑机",500,1,null,"14号线一期","首次提报"]
["车辆中心","录音笔",650,2,null,"14号线一期","首次提报"]
["车辆中心","黑白打印一体机",2500,3,null,"14号线一期","首次提报"]
["车辆中心","相机",2500,4,null,"14号线一期","首次提报"]
["车辆中心","视频会议软终端",300,4,null,"14号线一期","首次提报"]
["车辆中心","办公电话",80,14,null,"14号线一期","首次提报"]
["车辆中心","台式电脑A",4000,16,null,"14号线一期","首次提报"]
["车辆中心","U盘",60,16,null,"14号线一期","首次提报"]
["乘务中心","移动硬盘",600,1,null,"14号线一期","首次提报"]
["乘务中心","激光笔",100,1,null,"14号线一期","首次提报"]
["乘务中心","笔记本电脑",4500,1,null,"14号线一期","首次提报"]
["乘务中心","移动投影仪",7000,1,null,"14号线一期","首次提报"]
["乘务中心","过塑机",500,1,null,"14号线一期","首次提报"]
["乘务中心","录音笔",650,1,null,"14号线一期","首次提报"]
["乘务中心","视频会议软终端",300,2,null,"14号线一期","首次提报"]
["乘务中心","录音电话",500,2,null,"14号线一期","首次提报"]
["乘务中心","黑白打印一体机",2500,3,null,"14号线一期","首次提报"]
["乘务中心","冰箱",{"$error":"#N/A"},3,null,"14号线一期","首次提报"]
["乘务中心","微波炉",{"$error":"#N/A"},4,null,"14号线一期","首次提报"]
["乘务中心","相机",2500,4,null,"14号线一期","首次提报"]
["乘务中心","U盘",60,14,null,"14号线一期","首次提报"]
["乘务中心","办公电话",80,15,null,"14号线一期","首次提报"]
["乘务中心","台式电脑A",4000,16,null,"14号线一期","首次提报"]
["物资部","黑白打印一体机",2500,1,null,"14号线一期","首次提报"]
["物资部","视频会议软终端",300,1,null,"14号线一期","首次提报"]
["物资部","针式打印机",5000,1,null,"14号线一期","首次提报"]
["物资部","U盘",60,3,null,"14号线一期","首次提报"]
["物资部","台式电脑A",4000,8,null,"14号线一期","首次提报"]
["物资部","办公电话",80,8,null,"14号线一期","首次提报"]
["站务中心","笔记本电脑",4500,1,null,"14号线一期","首次提报"]
["站务中心","移动投影仪",7000,1,null,"14号线一期","首次提报"]
["站务中心","过塑机",500,1,null,"14号线一期","首次提报"]
["站务中心","录音笔",650,1,null,"14号线一期","首次提报"]
["站务中心","移动硬盘",600,1,null,"14号线一期","首次提报"]
["站务中心","激光笔",100,1,null,"14号线一期","首次提报"]
["站务中心","电子显示屏",4000,1,null,"14号线一期","首次提报"]
["站务中心","黑白打印一体机",2500,6,null,"14号线一期","首次提报"]
["站务中心","视频会议软终端",300,6,null,"14号线一期","首次提报"]
["站务中心","相机",2500,7,null,"14号线一期","首次提报"]
["站务中心","U盘",60,20,null,"14号线一期","首次提报"]
["站务中心","台式电脑A",4000,28,null,"14号线一期","首次提报"]
["站务中心","办公电话",80,41,null,"14号线一期","首次提报"]
["车辆中心","激光笔",100,1,null,"1号线二期","首次提报"]
["车辆中心","移动硬盘",600,1,null,"1号线二期","首次提报"]
["车辆中心","电子显示屏",4000,1,null,"1号线二期","首次提报"]
["车辆中心","笔记本电脑",4500,1,null,"1号线二期","首次提报"]
["车辆中心","台式电脑A",4000,2,null,"1号线二期","首次提报"]
["车辆中心","办公电话",80,2,null,"1号线二期","首次提报"]
["车辆中心","录音电话",500,2,null,"1号线二期","首次提报"]
["车辆中心","相机",2500,12,null,"1号线二期","首次提报"]
["车辆中心","U盘",60,30,null,"1号线二期","首次提报"]
["供建中心","相机",2500,1,null,"1号线二期","首次提报"]
["供建中心","视频会议软终端",300,1,null,"1号线二期","首次提报"]
["供建中心","台式电脑A",4000,3,null,"1号线二期","首次提报"]
["供建中心","办公电话",80,5,null,"1号线二期","首次提报"]
["供建中心","U盘",60,9,null,"1号线二期","首次提报"]
["机电中心","相机",2500,1,null,"1号线二期","首次提报"]
["机电中心","黑白打印一体机",2500,1,null,"1号线二期","首次提报"]
["机电中心","冰箱",{"$error":"#N/A"},1,null,"1号线二期","首次提报"]
["机电中心","微波炉",{"$error":"#N/A"},1,null,"1号线二期","首次提报"]
["机电中心","办公电话",80,2,null,"1号线二期","首次提报"]
["机电中心","视频会议软终端",300,5,null,"1号线二期","首次提报"]
["机电中心","U盘",60,10,null,"1号线二期","首次提报"]
["调度票务中心","笔记本电脑",4500,1,null,"1号线二期","首次提报"]
["调度票务中心","移动硬盘",600,1,null,"1号线二期","首次提报"]
["调度票务中心","视频会议软终端",300,1,null,"1号线二期","首次提报"]
["调度票务中心","录音电话",500,8,null,"1号线二期","首次提报"]
["调度票务中心","台式电脑A",4000,10,null,"1号线二期","首次提报"]
["调度票务中心","办公电话",80,10,null,"1号线二期","首次提报"]
["调度票务中心","U盘",60,48,null,"1号线二期","首次提报"]
["站务中心","U盘",60,20,null,"1号线二期","首次提报"]
["综合管理部","台式电脑A",4000,1,null,"1号线二期","首次提报"]
["安保部","移动硬盘",600,1,null,"1号线一期","首次提报"]
["安保部","移动硬盘",600,1,null,"1号线一期","首次提报"]
["安保部","U盘",60,1,null,"1号线一期","首次提报"]
["安保部","黑白打印一体机",2500,1,null,"1号线一期","首次提报"]
["安保部","录音笔",650,2,null,"1号线一期","首次提报"]
["安全技术部","黑白打印一体机",2500,1,null,"1号线一期","首次提报"]
["安全技术部","办公电话",80,1,null,"1号线一期","首次提报"]
["安全技术部","碎纸机",750,1,null,"1号线一期","首次提报"]
["安全技术部","相机",2500,2,null,"1号线一期","首次提报"]
["安全技术部","台式电脑A",4000,3,null,"1号线一期","首次提报"]
["安全技术部","视频会议软终端",300,3,null,"1号线一期","首次提报"]
["安全技术部","移动硬盘",600,4,null,"1号线一期","首次提报"]
["财务部","台式电脑A",4000,2,null,"1号线一期","首次提报"]
["车辆中心","录音笔",650,1,null,"1号线一期","首次提报"]
["车辆中心","办公电话",80,1,null,"1号线一期","首次提报"]
["车辆中心","黑白打印一体机",2500,1,null,"1号线一期","首次提报"]
["车辆中心","激光笔",100,2,null,"1号线一期","首次提报"]
["车辆中心","电子显示屏",4000,2,null,"1号线一期","首次提报"]
["车辆中心","台式电脑A",4000,2,null,"1号线一期","首次提报"]
["车辆中心","视频会议软终端",300,2,null,"1号线一期","首次提报"]
["车辆中心","相机",2500,4,null,"1号线一期","首次提报"]
["车辆中心","移动硬盘",600,6,null,"1号线一期","首次提报"]
["车辆中心","U盘",60,12,null,"1号线一期","首次提报"]
["乘务中心","电子显示屏",4000,1,null,"1号线一期","首次提报"]
["乘务中心","激光笔",100,2,null,"1号线一期","首次提报"]
["乘务中心","移动硬盘",600,6,null,"1号线一期","首次提报"]
["供建中心","录音笔",650,1,null,"1号线一期","首次提报"]
["供建中心","激光笔",100,1,null,"1号线一期","首次提报"]
["供建中心","移动硬盘",600,2,null,"1号线一期","首次提报"]
["供建中心","移动投影仪",7000,2,null,"1号线一期","首次提报"]
["供建中心","笔记本电脑",4500,2,null,"1号线一期","首次提报"]
["供建中心","碎纸机",750,2,null,"1号线一期","首次提报"]
["供建中心","黑白打印一体机",2500,3,null,"1号线一期","首次提报"]
["供建中心","视频会议软终端",300,3,null,"1号线一期","首次提报"]
["供建中心","台式电脑A",4000,5,null,"1号线一期","首次提报"]
["供建中心","相机",2500,5,null,"1号线一期","首次提报"]
["供建中心","办公电话",80,10,null,"1号线一期","首次提报"]
["供建中心","U盘",60,33,null,"1号线一期","首次提报"]
["机电中心","笔记本电脑",4500,2,null,"1号线一期","首次提报"]
["机电中心","录音笔",650,2,null,"1号线一期","首次提报"]
["机电中心","相机",2500,2,null,"1号线一期","首次提报"]
["机电中心","激光笔",100,5,null,"1号线一期","首次提报"]
["机电中心","台式电脑A",4000,5,null,"1号线一期","首次提报"]
["机电中心","移动硬盘",600,8,null,"1号线一期","首次提报"]
["机电中心","U盘",60,10,null,"1号线一期","首次提报"]
["机电中心","办公电话",80,13,null,"1号线一期","首次提报"]
["计划经营部","碎纸机",750,1,null,"1号线一期","首次提报"]
["教育培训部","黑白打印一体机",2500,1,null,"1号线一期","首次提报"]
["教育培训部","电子显示屏",4000,1,null,"1号线一期","首次提报"]
["教育培训部","碎纸机",750,2,null,"1号线一期","首次提报"]
["教育培训部","移动硬盘",600,3,null,"1号线一期","首次提报"]
["教育培训部","视频会议软终端",300,3,null,"1号线一期","首次提报"]
["教育培训部","移动投影仪",7000,5,null,"1号线一期","首次提报"]
["教育培训部","台式电脑A",4000,15,null,"1号线一期","首次提报"]
["人力资源部","碎纸机",750,1,null,"1号线一期","首次提报"]
["人力资源部","移动投影仪",7000,1,null,"1号线一期","首次提报"]
["人力资源部","相机",2500,1,null,"1号线一期","首次提报"]
["人力资源部","激光笔",100,1,null,"1号线一期","首次提报"]
["人力资源部","办公电话",80,1,null,"1号线一期","首次提报"]
["人力资源部","U盘",60,2,null,"1号线一期","首次提报"]
["人力资源部","移动硬盘",600,3,null,"1号线一期","首次提报"]
["调度票务中心","笔记本电脑",4500,1,null,"1号线一期","首次提报"]
["调度票务中心","移动投影仪",7000,1,null,"1号线一期","首次提报"]
["调度票务中心","电子显示屏",4000,1,null,"1号线一期","首次提报"]
["调度票务中心","过塑机",500,2,null,"1号线一期","首次提报"]
["调度票务中心","激光笔",100,3,null,"1号线一期","首次提报"]
["调度票务中心","录音笔",650,3,null,"1号线一期","首次提报"]
["调度票务中心","台式电脑A",4000,4,null,"1号线一期","首次提报"]
["调度票务中心","黑白打印一体机",2500,4,null,"1号线一期","首次提报"]
["调度票务中心","碎纸机",750,4,null,"1号线一期","首次提报"]
["调度票务中心","移动硬盘",600,5,null,"1号线一期","首次提报"]
["调度票务中心","视频会议软终端",300,5,null,"1号线一期","首次提报"]
["调度票务中心","办公电话",80,6,null,"1号线一期","首次提报"]
["调度票务中心","录音电话",500,7,null,"1号线一期","首次提报"]
["调度票务中心","U盘",60,17,null,"1号线一期","首次提报"]
["通号中心","电子显示屏",4000,1,null,"1号线一期","首次提报"]
["通号中心","录音笔",650,3,null,"1号线一期","首次提报"]
["通号中心","激光笔",100,5,null,"1号线一期","首次提报"]
["通号中心","移动硬盘",600,10,null,"1号线一期","首次提报"]
["通号中心","视频会议软终端",300,11,null,"1号线一期","首次提报"]
["通号中心","办公电话",80,16,null,"1号线一期","首次提报"]
["通号中心","相机",2500,31,null,"1号线一期","首次提报"]
["通号中心","U盘",60,45,null,"1号线一期","首次提报"]
["物资部","视频会议软终端",300,8,null,"1号线一期","首次提报"]
["新线部","笔记本电脑",4500,3,null,"1号线一期","首次提报"]
["新线部","移动投影仪",7000,3,null,"1号线一期","首次提报"]
["新线部","八口交换器",100,3,null,"1号线一期","首次提报"]
["新线部","移动硬盘",600,5,null,"1号线一期","首次提报"]
["新线部","台式电脑A",4000,18,null,"1号线一期","首次提报"]
["新线部","办公电话",80,24,null,"1号线一期","首次提报"]
["新线部","U盘",60,24,null,"1号线一期","首次提报"]
["信息管理部","读卡器",3500,1,null,"1号线一期","首次提报"]
["信息管理部","录音电话",500,1,null,"1号线一期","首次提报"]
["信息管理部","摄像机电池",850,1,null,"1号线一期","首次提报"]
["信息管理部","专业相机",35000,1,null,"1号线一期","首次提报"]
["信息管理部","存储卡A",4000,2,null,"1号线一期","首次提报"]
["信息管理部","录音笔",650,2,null,"1号线一期","首次提报"]
["信息管理部","办公电话",80,2,null,"1号线一期","首次提报"]
["信息管理部","移动硬盘",600,4,null,"1号线一期","首次提报"]
["信息管理部","黑白打印一体机",2500,5,null,"1号线一期","首次提报"]
["信息管理部","台式电脑A",4000,10,null,"1号线一期","首次提报"]
["信息管理部","固态硬盘",500,500,null,"1号线一期","首次提报"]
["站务中心","视频会议软终端",300,1,null,"1号线一期","首次提报"]
["站务中心","笔记本电脑",4500,1,null,"1号线一期","首次提报"]
["站务中心","过塑机",500,1,null,"1号线一期","首次提报"]
["站务中心","录音笔",650,1,null,"1号线一期","首次提报"]
["站务中心","移动硬盘",600,1,null,"1号线一期","首次提报"]
["站务中心","激光笔",100,2,null,"1号线一期","首次提报"]
["站务中心","电子显示屏",4000,2,null,"1号线一期","首次提报"]
["站务中心","台式电脑A",4000,5,null,"1号线一期","首次提报"]
["站务中心","U盘",60,5,null,"1号线一期","首次提报"]
["站务中心","黑白打印一体机",2500,10,null,"1号线一期","首次提报"]
["综合管理部","笔记本电脑",4500,1,null,"1号线一期","首次提报"]
["综合管理部","台式电脑A",4000,2,null,"1号线一期","首次提报"]
["乘务中心","视频会议软终端",300,1,null,"2号线二期","首次提报"]
["乘务中心","相机",2500,1,null,"2号线二期","首次提报"]
["乘务中心","黑白打印一体机",2500,2,null,"2号线二期","首次提报"]
["乘务中心","冰箱",{"$error":"#N/A"},2,null,"2号线二期","首次提报"]
["乘务中心","微波炉",{"$error":"#N/A"},2,null,"2号线二期","首次提报"]
["乘务中心","录音电话",500,2,null,"2号线二期","首次提报"]
["乘务中心","U盘",60,3,null,"2号线二期","首次提报"]
["乘务中心","办公电话",80,5,null,"2号线二期","首次提报"]
["乘务中心","台式电脑A",4000,7,null,"2号线二期","首次提报"]
["站务中心","黑白打印一体机",2500,6,null,"2号线二期","首次提报"]
["站务中心","相机",2500,6,null,"2号线二期","首次提报"]
["站务中心","台式电脑A",4000,20,null,"2号线二期","首次提报"]
["站务中心","U盘",60,20,null,"2号线二期","首次提报"]
["站务中心","办公电话",80,42,null,"2号线二期","首次提报"]
["车辆中心","激光笔",100,1,null,"2号线一期","首次提报"]
["车辆中心","黑白打印一体机",2500,1,null,"2号线一期","首次提报"]
["车辆中心","移动硬盘",600,2,null,"2号线一期","首次提报"]
["车辆中心","录音电话",500,2,null,"2号线一期","首次提报"]
["车辆中心","办公电话",80,4,null,"2号线一期","首次提报"]
["车辆中心","视频会议软终端",300,9,null,"2号线一期","首次提报"]
["车辆中心","相机",2500,11,null,"2号线一期","首次提报"]
["车辆中心","U盘",60,21,null,"2号线一期","首次提报"]
["乘务中心","移动硬盘",600,1,null,"2号线一期","首次提报"]
["乘务中心","激光笔",100,1,null,"2号线一期","首次提报"]
["乘务中心","U盘",60,2,null,"2号线一期","首次提报"]
["供建中心","过塑机",500,1,null,"2号线一期","首次提报"]
["供建中心","录音笔",650,2,null,"2号线一期","首次提报"]
["供建中心","移动硬盘",600,2,null,"2号线一期","首次提报"]
["供建中心","激光笔",100,2,null,"2号线一期","首次提报"]
["供建中心","台式电脑A",4000,2,null,"2号线一期","首次提报"]
["供建中心","移动投影仪",7000,2,null,"2号线一期","首次提报"]
["供建中心","笔记本电脑",4500,2,null,"2号线一期","首次提报"]
["供建中心","黑白打印一体机",2500,4,null,"2号线一期","首次提报"]
["供建中心","相机",2500,15,null,"2号线一期","首次提报"]
["供建中心","办公电话",80,19,null,"2号线一期","首次提报"]
["供建中心","U盘",60,23,null,"2号线一期","首次提报"]
["机电中心","黑白打印一体机",2500,2,null,"2号线一期","首次提报"]
["机电中心","相机",2500,3,null,"2号线一期","首次提报"]
["机电中心","办公电话",80,8,null,"2号线一期","首次提报"]
["机电中心","视频会议软终端",300,8,null,"2号线一期","首次提报"]
["机电中心","U盘",60,12,null,"2号线一期","首次提报"]
["调度票务中心","笔记本电脑",4500,1,null,"2号线一期","首次提报"]
["调度票务中心","移动投影仪",7000,1,null,"2号线一期","首次提报"]
["调度票务中心","视频会议软终端",300,1,null,"2号线一期","首次提报"]
["调度票务中心","黑白打印一体机",2500,1,null,"2号线一期","首次提报"]
["调度票务中心","过塑机",500,1,null,"2号线一期","首次提报"]
["调度票务中心","激光笔",100,2,null,"2号线一期","首次提报"]
["调度票务中心","录音笔",650,2,null,"2号线一期","首次提报"]
["调度票务中心","相机",2500,2,null,"2号线一期","首次提报"]
["调度票务中心","移动硬盘",600,3,null,"2号线一期","首次提报"]
["调度票务中心","台式电脑A",4000,3,null,"2号线一期","首次提报"]
["调度票务中心","办公电话",80,10,null,"2号线一期","首次提报"]
["调度票务中心","录音电话",500,11,null,"2号线一期","首次提报"]
["调度票务中心","U盘",60,21,null,"2号线一期","首次提报"]
["物资部","办公电话",80,3,null,"2号线一期","首次提报"]
["物资部","台式电脑A",4000,6,null,"2号线一期","首次提报"]
["物资部","录音电话",500,6,null,"2号线一期","首次提报"]
["物资部","U盘",60,9,null,"2号线一期","首次提报"]
["站务中心","过塑机",500,1,null,"2号线一期","首次提报"]
["站务中心","移动硬盘",600,1,null,"2号线一期","首次提报"]
["站务中心","激光笔",100,1,null,"2号线一期","首次提报"]
["站务中心","电子显示屏",4000,1,null,"2号线一期","首次提报"]
["站务中心","台式电脑A",4000,4,null,"2号线一期","首次提报"]
["站务中心","U盘",60,25,null,"2号线一期","首次提报"]
["综合管理部","台式电脑A",4000,1,null,"2号线一期","首次提报"]
["车辆中心","激光笔",100,2,null,"5号线","首次提报"]
["车辆中心","移动硬盘",600,2,null,"5号线","首次提报"]
["车辆中心","笔记本电脑",4500,2,null,"5号线","首次提报"]
["车辆中心","移动投影仪",7000,2,null,"5号线","首次提报"]
["车辆中心","过塑机",500,2,null,"5号线","首次提报"]
["车辆中心","录音笔",650,3,null,"5号线","首次提报"]
["车辆中心","黑白打印一体机",2500,3,null,"5号线","首次提报"]
["车辆中心","相机",2500,5,null,"5号线","首次提报"]
["车辆中心","视频会议软终端",300,5,null,"5号线","首次提报"]
["车辆中心","办公电话",80,17,null,"5号线","首次提报"]
["车辆中心","台式电脑A",4000,19,null,"5号线","首次提报"]
["车辆中心","U盘",60,19,null,"5号线","首次提报"]
["乘务中心","移动硬盘",600,2,null,"5号线","首次提报"]
["乘务中心","激光笔",100,2,null,"5号线","首次提报"]
["乘务中心","移动投影仪",7000,2,null,"5号线","首次提报"]
["乘务中心","过塑机",500,2,null,"5号线","首次提报"]
["乘务中心","录音笔",650,2,null,"5号线","首次提报"]
["乘务中心","笔记本电脑",4500,3,null,"5号线","首次提报"]
["乘务中心","视频会议软终端",300,4,null,"5号线","首次提报"]
["乘务中心","录音电话",500,4,null,"5号线","首次提报"]
["乘务中心","黑白打印一体机",2500,5,null,"5号线","首次提报"]
["乘务中心","冰箱",{"$error":"#N/A"},6,null,"5号线","首次提报"]
["乘务中心","相机",2500,6,null,"5号线","首次提报"]
["乘务中心","微波炉",{"$error":"#N/A"},8,null,"5号线","首次提报"]
["乘务中心","U盘",60,31,null,"5号线","首次提报"]
["乘务中心","办公电话",80,35,null,"5号线","首次提报"]
["乘务中心","台式电脑A",4000,37,null,"5号线","首次提报"]
["机电中心","台式电脑A",4000,30,null,"5号线","首次提报"]
["机电中心","办公电话",80,30,null,"5号线","首次提报"]
["机电中心","U盘",60,30,null,"5号线","首次提报"]
["物资部","黑白打印一体机",2500,1,null,"5号线","首次提报"]
["物资部","视频会议软终端",300,1,null,"5号线","首次提报"]
["物资部","针式打印机",5000,1,null,"5号线","首次提报"]
["物资部","U盘",60,3,null,"5号线","首次提报"]
["物资部","台式电脑A",4000,8,null,"5号线","首次提报"]
["物资部","办公电话",80,8,null,"5号线","首次提报"]
["站务中心","笔记本电脑",4500,1,null,"5号线","首次提报"]
["站务中心","移动投影仪",7000,1,null,"5号线","首次提报"]
["站务中心","过塑机",500,1,null,"5号线","首次提报"]
["站务中心","录音笔",650,1,null,"5号线","首次提报"]
["站务中心","激光笔",100,1,null,"5号线","首次提报"]
["站务中心","电子显示屏",4000,1,null,"5号线","首次提报"]
["站务中心","碎纸机",750,1,null,"5号线","首次提报"]
["站务中心","视频会议软终端",300,2,null,"5号线","首次提报"]
["站务中心","移动硬盘",600,2,null,"5号线","首次提报"]
["站务中心","黑白打印一体机",2500,33,null,"5号线","首次提报"]
["站务中心","相机",2500,33,null,"5号线","首次提报"]
["站务中心","U盘",60,118,null,"5号线","首次提报"]
["站务中心","台式电脑A",4000,125,null,"5号线","首次提报"]
["站务中心","办公电话",80,181,null,"5号线","首次提报"]
["车辆中心","激光笔",100,1,null,"6号线一期","首次提报"]
["车辆中心","移动硬盘",600,1,null,"6号线一期","首次提报"]
["车辆中心","笔记本电脑",4500,1,null,"6号线一期","首次提报"]
["车辆中心","移动投影仪",7000,1,null,"6号线一期","首次提报"]
["车辆中心","过塑机",500,1,null,"6号线一期","首次提报"]
["车辆中心","录音笔",650,2,null,"6号线一期","首次提报"]
["车辆中心","黑白打印一体机",2500,3,null,"6号线一期","首次提报"]
["车辆中心","相机",2500,4,null,"6号线一期","首次提报"]
["车辆中心","视频会议软终端",300,4,null,"6号线一期","首次提报"]
["车辆中心","办公电话",80,14,null,"6号线一期","首次提报"]
["车辆中心","台式电脑A",4000,16,null,"6号线一期","首次提报"]
["车辆中心","U盘",60,16,null,"6号线一期","首次提报"]
["乘务中心","移动硬盘",600,1,null,"6号线一期","首次提报"]
["乘务中心","激光笔",100,1,null,"6号线一期","首次提报"]
["乘务中心","笔记本电脑",4500,1,null,"6号线一期","首次提报"]
["乘务中心","移动投影仪",7000,1,null,"6号线一期","首次提报"]
["乘务中心","过塑机",500,1,null,"6号线一期","首次提报"]
["乘务中心","录音笔",650,1,null,"6号线一期","首次提报"]
["乘务中心","视频会议软终端",300,3,null,"6号线一期","首次提报"]
["乘务中心","黑白打印一体机",2500,4,null,"6号线一期","首次提报"]
["乘务中心","冰箱",{"$error":"#N/A"},4,null,"6号线一期","首次提报"]
["乘务中心","录音电话",500,4,null,"6号线一期","首次提报"]
["乘务中心","微波炉",{"$error":"#N/A"},5,null,"6号线一期","首次提报"]
["乘务中心","相机",2500,5,null,"6号线一期","首次提报"]
["乘务中心","U盘",60,15,null,"6号线一期","首次提报"]
["乘务中心","办公电话",80,18,null,"6号线一期","首次提报"]
["乘务中心","台式电脑A",4000,19,null,"6号线一期","首次提报"]
["物资部","黑白打印一体机",2500,1,null,"6号线一期","首次提报"]
["物资部","视频会议软终端",300,1,null,"6号线一期","首次提报"]
["物资部","针式打印机",5000,1,null,"6号线一期","首次提报"]
["物资部","U盘",60,3,null,"6号线一期","首次提报"]
["物资部","台式电脑A",4000,8,null,"6号线一期","首次提报"]
["物资部","办公电话",80,8,null,"6号线一期","首次提报"]
["站务中心","视频会议软终端",300,1,null,"6号线一期","首次提报"]
["站务中心","笔记本电脑",4500,1,null,"6号线一期","首次提报"]
["站务中心","移动投影仪",7000,1,null,"6号线一期","首次提报"]
["站务中心","过塑机",500,1,null,"6号线一期","首次提报"]
["站务中心","录音笔",650,1,null,"6号线一期","首次提报"]
["站务中心","移动硬盘",600,1,null,"6号线一期","首次提报"]
["站务中心","激光笔",100,1,null,"6号线一期","首次提报"]
["站务中心","电子显示屏",4000,1,null,"6号线一期","首次提报"]
["站务中心","黑白打印一体机",2500,10,null,"6号线一期","首次提报"]
["站务中心","相机",2500,11,null,"6号线一期","首次提报"]
["站务中心","台式电脑A",4000,47,null,"6号线一期","首次提报"]
["站务中心","U盘",60,47,null,"6号线一期","首次提报"]
["站务中心","办公电话",80,67,null,"6号线一期","首次提报"]
["乘务中心","视频会议软终端",300,1,null,"城郊线二期","首次提报"]
["乘务中心","相机",2500,1,null,"城郊线二期","首次提报"]
["乘务中心","办公电话",80,2,null,"城郊线二期","首次提报"]
["乘务中心","录音电话",500,2,null,"城郊线二期","首次提报"]
["乘务中心","U盘",60,3,null,"城郊线二期","首次提报"]
["乘务中心","黑白打印一体机",2500,3,null,"城郊线二期","首次提报"]
["乘务中心","冰箱",{"$error":"#N/A"},3,null,"城郊线二期","首次提报"]
["乘务中心","微波炉",{"$error":"#N/A"},3,null,"城郊线二期","首次提报"]
["乘务中心","台式电脑A",4000,11,null,"城郊线二期","首次提报"]
["站务中心","移动硬盘",600,1,null,"城郊线二期","首次提报"]
["站务中心","激光笔",100,1,null,"城郊线二期","首次提报"]
["站务中心","电子显示屏",4000,1,null,"城郊线二期","首次提报"]
["站务中心","黑白打印一体机",2500,4,null,"城郊线二期","首次提报"]
["站务中心","相机",2500,4,null,"城郊线二期","首次提报"]
["站务中心","台式电脑A",4000,12,null,"城郊线二期","首次提报"]
["站务中心","U盘",60,12,null,"城郊线二期","首次提报"]
["站务中心","办公电话",80,20,null,"城郊线二期","首次提报"]
["车辆中心","录音笔",650,1,null,"城郊线一期","首次提报"]
["车辆中心","移动硬盘",600,2,null,"城郊线一期","首次提报"]
["车辆中心","录音电话",500,2,null,"城郊线一期","首次提报"]
["车辆中心","视频会议软终端",300,4,null,"城郊线一期","首次提报"]
["车辆中心","黑白打印一体机",2500,4,null,"城郊线一期","首次提报"]
["车辆中心","台式电脑A",4000,13,null,"城郊线一期","首次提报"]
["车辆中心","相机",2500,14,null,"城郊线一期","首次提报"]
["车辆中心","办公电话",80,19,null,"城郊线一期","首次提报"]
["车辆中心","U盘",60,44,null,"城郊线一期","首次提报"]
["乘务中心","移动硬盘",600,1,null,"城郊线一期","首次提报"]
["乘务中心","激光笔",100,1,null,"城郊线一期","首次提报"]
["乘务中心","U盘",60,2,null,"城郊线一期","首次提报"]
["供建中心","笔记本电脑",4500,1,null,"城郊线一期","首次提报"]
["供建中心","过塑机",500,1,null,"城郊线一期","首次提报"]
["供建中心","台式电脑A",4000,2,null,"城郊线一期","首次提报"]
["供建中心","黑白打印一体机",2500,6,null,"城郊线一期","首次提报"]
["供建中心","办公电话",80,15,null,"城郊线一期","首次提报"]
["供建中心","相机",2500,15,null,"城郊线一期","首次提报"]
["供建中心","U盘",60,22,null,"城郊线一期","首次提报"]
["机电中心","移动硬盘",600,1,null,"城郊线一期","首次提报"]
["机电中心","激光笔",100,1,null,"城郊线一期","首次提报"]
["机电中心","台式电脑A",4000,1,null,"城郊线一期","首次提报"]
["机电中心","笔记本电脑",4500,1,null,"城郊线一期","首次提报"]
["机电中心","录音笔",650,1,null,"城郊线一期","首次提报"]
["机电中心","黑白打印一体机",2500,1,null,"城郊线一期","首次提报"]
["机电中心","冰箱",{"$error":"#N/A"},1,null,"城郊线一期","首次提报"]
["机电中心","微波炉",{"$error":"#N/A"},1,null,"城郊线一期","首次提报"]
["机电中心","办公电话",80,3,null,"城郊线一期","首次提报"]
["机电中心","相机",2500,3,null,"城郊线一期","首次提报"]
["机电中心","U盘",60,13,null,"城郊线一期","首次提报"]
["调度票务中心","视频会议软终端",300,1,null,"城郊线一期","首次提报"]
["调度票务中心","黑白打印一体机",2500,1,null,"城郊线一期","首次提报"]
["调度票务中心","台式电脑A",4000,7,null,"城郊线一期","首次提报"]
["调度票务中心","办公电话",80,20,null,"城郊线一期","首次提报"]
["调度票务中心","U盘",60,21,null,"城郊线一期","首次提报"]
["综合管理部","台式电脑A",4000,1,null,"城郊线一期","首次提报"]
["综合管理部","笔记本电脑",4500,1,null,"城郊线一期","首次提报"]
["通号中心","黑白打印一体机",2500,36,null,"新线","首次提报"]
["通号中心","相机",2500,36,null,"新线","首次提报"]
["通号中心","视频会议软终端",300,36,null,"新线","首次提报"]
["通号中心","台式电脑A",4000,95,null,"新线","首次提报"]
["通号中心","U盘",60,95,null,"新线","首次提报"]
["通号中心","办公电话",80,131,null,"新线","首次提报"]
["综合管理部","黑白打印一体机",2500,1,null,null,"首次提报"]
["车辆中心","激光笔",100,1,null,"14号线一期","追加"]
["车辆中心","移动硬盘",600,1,null,"14号线一期","追加"]
["车辆中心","录音笔",650,1,null,"14号线一期","追加"]
["车辆中心","笔记本电脑",4500,1,null,"14号线一期","追加"]
["车辆中心","移动投影仪",7000,1,null,"14号线一期","追加"]
["车辆中心","过塑机",500,1,null,"14号线一期","追加"]
["车辆中心","录音电话",500,2,null,"14号线一期","追加"]
["车辆中心","黑白打印一体机",2500,7,null,"14号线一期","追加"]
["车辆中心","相机",2500,8,null,"14号线一期","追加"]
["车辆中心","视频会议软终端",300,8,null,"14号线一期","追加"]
["车辆中心","办公电话",80,24,null,"14号线一期","追加"]
["车辆中心","台式电脑A",4000,30,null,"14号线一期","追加"]
["车辆中心","U盘",60,31,null,"14号线一期","追加"]
["供建中心","台式电脑A",4000,1,null,"1号线二期","追加"]
["供建中心","U盘",60,1,null,"1号线二期","追加"]
["供建中心","办公电话",80,1,null,"1号线二期","追加"]
["供建中心","黑白打印一体机",2500,1,null,"1号线一期","追加"]
["供建中心","台式电脑A",4000,1,null,"1号线一期","追加"]
["供建中心","U盘",60,1,null,"1号线一期","追加"]
["供建中心","办公电话",80,1,null,"1号线一期","追加"]
["供建中心","笔记本电脑",4500,1,null,"1号线一期","追加"]
["供建中心","碎纸机",750,3,null,"1号线一期","追加"]
["计划经营部","移动硬盘",600,1,null,"1号线一期","追加"]
["计划经营部","台式电脑A",4000,1,null,"1号线一期","追加"]
["计划经营部","移动硬盘",600,1,null,"1号线一期","追加"]
["计划经营部","移动硬盘",600,1,null,"1号线一期","追加"]
["计划经营部","U盘",60,1,null,"1号线一期","追加"]
["计划经营部","台式电脑A",4000,1,null,"1号线一期","追加"]
["计划经营部","碎纸机",750,1,null,"1号线一期","追加"]
["计划经营部","移动硬盘",600,1,null,"1号线一期","追加"]
["计划经营部","U盘",60,1,null,"1号线一期","追加"]
["计划经营部","U盘",60,1,null,"1号线一期","追加"]
["计划经营部","台式电脑A",4000,1,null,"1号线一期","追加"]
["计划经营部","办公电话",80,1,null,"1号线一期","追加"]
["计划经营部","U盘",60,1,null,"1号线一期","追加"]
["计划经营部","录音电话",500,1,null,"1号线一期","追加"]
["计划经营部","激光笔",100,1,null,"1号线一期","追加"]
["计划经营部","电子显示屏",4000,1,null,"1号线一期","追加"]
["计划经营部","移动硬盘",600,1,null,"1号线一期","追加"]
["信息管理部","佳能PRO-100打印机墨盒     （一套8色）",{"$error":"#N/A"},10,null,"1号线一期","追加"]
["站务中心","台式电脑A",4000,3,null,"1号线一期","追加"]
["站务中心","办公电话",80,3,null,"1号线一期","追加"]
["站务中心","黑白打印一体机",2500,11,null,"1号线一期","追加"]
["供建中心","台式电脑A",4000,2,null,"2号线一期","追加"]
["供建中心","U盘",60,2,null,"2号线一期","追加"]
["供建中心","办公电话",80,2,null,"2号线一期","追加"]
["站务中心","黑白打印一体机",2500,3,null,"2号线一期","追加"]
["车辆中心","激光笔",100,2,null,"5号线","追加"]
["车辆中心","移动硬盘",600,2,null,"5号线","追加"]
["车辆中心","录音笔",650,2,null,"5号线","追加"]
["车辆中心","笔记本电脑",4500,2,null,"5号线","追加"]
["车辆中心","移动投影仪",7000,2,null,"5号线","追加"]
["车辆中心","过塑机",500,2,null,"5号线","追加"]
["车辆中心","录音电话",500,2,null,"5号线","追加"]
["车辆中心","黑白打印一体机",2500,7,null,"5号线","追加"]
["车辆中心","视频会议软终端",300,8,null,"5号线","追加"]
["车辆中心","相机",2500,9,null,"5号线","追加"]
["车辆中心","办公电话",80,25,null,"5号线","追加"]
["车辆中心","台式电脑A",4000,31,null,"5号线","追加"]
["车辆中心","U盘",60,32,null,"5号线","追加"]
["机电中心","黑白打印一体机",2500,30,null,"5号线","追加"]
["机电中心","视频会议软终端",300,30,null,"5号线","追加"]
["机电中心","台式电脑A",4000,40,null,"5号线","追加"]
["机电中心","U盘",60,40,null,"5号线","追加"]
["机电中心","办公电话",80,60,null,"5号线","追加"]
["车辆中心","激光笔",100,1,null,"6号线一期","追加"]
["车辆中心","移动硬盘",600,1,null,"6号线一期","追加"]
["车辆中心","录音笔",650,1,null,"6号线一期","追加"]
["车辆中心","笔记本电脑",4500,1,null,"6号线一期","追加"]
["车辆中心","移动投影仪",7000,1,null,"6号线一期","追加"]
["车辆中心","过塑机",500,1,null,"6号线一期","追加"]
["车辆中心","录音电话",500,2,null,"6号线一期","追加"]
["车辆中心","黑白打印一体机",2500,7,null,"6号线一期","追加"]
["车辆中心","相机",2500,8,null,"6号线一期","追加"]
["车辆中心","视频会议软终端",300,8,null,"6号线一期","追加"]
["车辆中心","办公电话",80,24,null,"6号线一期","追加"]
["车辆中心","台式电脑A",4000,30,null,"6号线一期","追加"]
["车辆中心","U盘",60,31,null,"6号线一期","追加"]
["供建中心","相机",2500,6,null,"新线","追加"]
["供建中心","移动投影仪",7000,6,null,"新线","追加"]
["供建中心","过塑机",500,6,null,"新线","追加"]
["供建中心","录音笔",650,6,null,"新线","追加"]
["供建中心","激光笔",100,6,null,"新线","追加"]
["供建中心","笔记本电脑",4500,6,null,"新线","追加"]
["供建中心","移动硬盘",600,6,null,"新线","追加"]
["供建中心","冰箱",{"$error":"#N/A"},19,null,"新线","追加"]
["供建中心","微波炉",{"$error":"#N/A"},19,null,"新线","追加"]
["供建中心","黑白打印一体机",2500,33,null,"新线","追加"]
["供建中心","八口交换器",100,36,null,"新线","追加"]
["供建中心","U盘",60,60,null,"新线","追加"]
["供建中心","办公电话",80,60,null,"新线","追加"]
["供建中心","台式电脑A",4000,87,null,"新线","追加"]

{"sheet":"选型结果","index":2,"n_rows":18,"n_cols":7,"rows_kept":18}
["序号","设备名称","物品描述","品牌1","品牌2","品牌3","品牌4"]
[1,"A4黑白激光打印一体机","含打印、复印、扫描、传真、含网络功能。打印功能：分辨率600×600 dpi；HQ1200；打印速度30页/分钟扫。扫描功能：扫描类型平板式。扫描分辨率：600×2400dpi(Color),600×1200dpi(Mono),600×600dpi 从自动进稿器进纸。复印功能：\n复印分辨率600×600dpi，复印速度30页/分钟，复印比例25%到400%。\n传真功能：调制解调器速度14.4kps，传真分辨率300×300dpi，传真速度2.5s/页，来电显示支持","联想","惠普","佳能","爱普生"]
[2,"U盘","外壳材质：金属；容量：16G；接口类型：USB3.0","金士顿","索尼","美商海盗船"]
[3,"八口交换器","8口百兆网络交换机，速度不低于10/100Mbps\n5口百兆网络交换机，速度不低于10/100Mbps","TP-LINK","华为","磊科"]
[4,"办公电话","功能：来电存储，铃声选择，ip电话，三方通话；类型：有绳板机","TCL","飞利浦","步步高"]
[5,"笔记本电脑","配置不低于：i5-7200U,500G机械硬盘，3代4G内存，14寸显示器，商用机型","联想","戴尔","三星"]
[6,"电子显示屏","55英寸4K超清电视","TCL","三星","索尼"]
[7,"固态硬盘","120G","金士顿","英特尔","三星"]
[8,"过塑机","预热时间≤5min，适用的塑封膜A3，功率：300W；电压：AC220-240V；频率：50Hz；温度范围：90-140w℃","得力","优玛仕","三木"]
[9,"激光笔","激光笔控制距离1-19m，黑色，材质为表面工程塑料激光笔激光光源为红光。","得力","罗技","明基"]
[10,"录音笔","锂电池，数据线，4G","爱国者","索尼","奥林巴斯"]
[11,"录音电话","功能：来电存储，自动答录，通讯，录音","步步高","飞利浦","北恩"]
[12,"碎纸机","纸箱容量：10升到20升","得力","晨光","三木"]
[13,"台式电脑","配置不低于：i3-7100,机械硬盘容量不低于500G，固态硬盘容量不低于120G，4代4G内存，显示器尺寸不小于19.5，至少含有一个标准PCI Express插槽，商用机型","联想","三星","戴尔"]
[14,"投影仪","LED冷光源，不低于1000流明","爱普生","明基","索尼"]
[15,"相机","性能不低于像素2000万,\n液晶屏尺寸3.0英寸，液晶屏像素约123万像素，取景器类型为电子取景器，可充电锂离子电池","索尼","尼康","佳能"]
[16,"移动硬盘","2TB 2.5英寸","西数","三星","联想"]
[17,"针式打印机","打印针数：48针；接口类型：IEEE-1284双向并行接口（需厂家指导安装增设电脑主机连接配件），Type B接口（USB接口）；中文（7.5cpi）：超高速371字符/秒，高速247字符/秒，信函质量123字符/秒；英文（15cpi）：超高速825字符/秒，高速743字符/秒，信函质量248字符/秒；出纸方式： 摩擦进纸（前部进纸），推动式拖纸器进纸（后部进纸）；全国联保；","爱普生","富士通","得实"]

{"sheet":"Sheet2","index":3,"n_rows":27,"n_cols":5,"rows_kept":27,"hidden":true}
["序号","设备名称","配置标准上限"]
[1,"A4黑白激光打印一体机",2500,null,"含打印、复印、扫描、传真、含网络功能（参数不低于7675）。品牌：联想、惠普、佳能、爱普生"]
[2,"U盘",60,null,"金士顿DataTraveler SE9 G2 3.0"]
[3,"八口交换器",100,null,"TP-LINK 8口百兆迷你网络交换机八口高速分线器集线器分流器SF1008+\nTP-LINK 5口百兆100M钢壳交换机SF1005D即插即用4口网线分线器集线器交换器"]
[4,"办公电话",80,null,"TCL HCD868(17B)TSD固定有绳电话机"]
[5,"笔记本电脑",4500,null,"配置不低于：i5-7200U,500G机械，3代4G内存，14寸。品牌：联想、戴尔、三星"]
[6,"存储卡A",4000,"请示"]
[7,"电话",80,null,"TCL HCD868(17B)TSD固定有绳电话机"]
[8,"电子显示屏",4000,null,"TCL55英寸4K超清电视"]
[9,"读卡器",3500,"请示"]
[10,"固态硬盘",500,null,"金士顿(Kingston)A400系列 120G"]
[11,"过塑机",500,null,"得力(deli)3894 "]
[12,"黑白打印一体机",2500,null,"含打印、复印、扫描、传真、含网络功能（参数不低于7675）。品牌：联想、惠普、佳能、爱普生"]
[13,"激光笔",100,null,"得力（deli） 33080"]
[14,"佳能PRO-100打印机墨盒     （一套8色）",1000,"请示"]
[15,"录音笔",650,null,"爱国者，锂电池，数据线，4G"]
[16,"录音电话",500,null,"步步高 录音款HCD198 "]
[17,"碎纸机",750,null,"得力(deli) 9911"]
[18,"摄像机电池",850,"请示"]
[19,"视频会议软终端",300,null,"漫步者（EDIFIER） R10U 2.0、罗技（Logitech）C270、硕美科—声丽（SENICC）SM-008 鹅颈式"]
[20,"台式电脑",4000,null,"配置不低于：i3-7100,128Gssd+1T机械，4代4G内存，显示器尺寸不小于21.5。品牌：联想、戴尔、三星"]
[21,"投影仪",7000,null,"亮度（流明）不低于3000，品牌：爱普生、明基、索尼"]
[22,"相机",2500,null,"索尼（SONY） DSC-RX100 黑卡数码相机"]
[23,"移动投影仪",7000,null,"亮度（流明）不低于3000，品牌：爱普生、明基、索尼"]
[24,"移动硬盘",600,null,"西部数据（WD）My Passport 2TB 2.5英寸"]
[25,"针式打印机",5000]
[26,"专业相机",35000,"请示"]